<?xml version="1.0" encoding="UTF-8"?>
<record
    xmlns:xsi="http://www.w3.org/2001/XMLSchema-instance"
    xsi:schemaLocation="http://www.loc.gov/MARC21/slim http://www.loc.gov/standards/marcxml/schema/MARC21slim.xsd"
    xmlns="http://www.loc.gov/MARC21/slim">

  <leader>02077nas a2200265 i 4500</leader>
  <controlfield tag="003">DO-SdBNP</controlfield>
  <controlfield tag="005">20260205111514.0</controlfield>
  <controlfield tag="007">ta</controlfield>
  <controlfield tag="008">260205e2025    dr an|p|r||||||0| | spa d</controlfield>
  <datafield tag="040" ind1=" " ind2=" ">
    <subfield code="a">DO-SdBNP</subfield>
    <subfield code="b">spa</subfield>
    <subfield code="c">BNPHU</subfield>
    <subfield code="e">rda</subfield>
  </datafield>
  <datafield tag="041" ind1=" " ind2=" ">
    <subfield code="a">spa</subfield>
  </datafield>
  <datafield tag="110" ind1=" " ind2=" ">
    <subfield code="a">Universidad Nacional para la Defensa "General Juan Pablo Duarte y D&#xED;ez" (UNADE) </subfield>
    <subfield code="9">88954</subfield>
  </datafield>
  <datafield tag="245" ind1=" " ind2=" ">
    <subfield code="a">XI Simposio internacional UNADE 2025, Seguridad Nacional y Comercio :</subfield>
    <subfield code="b">estrategia para un desarrollo sostenible / </subfield>
    <subfield code="c">Universidad Nacional para la Defensa "General Juan Pablo Duarte y D&#xED;ez" (UNADE) .</subfield>
  </datafield>
  <datafield tag="246" ind1=" " ind2=" ">
    <subfield code="a">Informe Relator&#xED;a 2025</subfield>
  </datafield>
  <datafield tag="264" ind1=" " ind2=" ">
    <subfield code="a">Santo Domingo, Rep&#xFA;blica Dominicana : </subfield>
    <subfield code="b">Ministerio de Defensa Rep&#xFA;blica Dominicana, </subfield>
    <subfield code="c">2025.</subfield>
  </datafield>
  <datafield tag="300" ind1=" " ind2=" ">
    <subfield code="a">volumen : </subfield>
    <subfield code="b">ilustraciones, fotograf&#xED;as ; </subfield>
    <subfield code="c">23 cm. </subfield>
  </datafield>
  <datafield tag="336" ind1=" " ind2=" ">
    <subfield code="a">texto</subfield>
    <subfield code="b">txt</subfield>
    <subfield code="2">rdacontent</subfield>
  </datafield>
  <datafield tag="337" ind1=" " ind2=" ">
    <subfield code="a">sin mediaci&#xF3;n </subfield>
    <subfield code="b">n</subfield>
    <subfield code="2">rdamedia</subfield>
  </datafield>
  <datafield tag="338" ind1=" " ind2=" ">
    <subfield code="a">volumen</subfield>
    <subfield code="b">nc</subfield>
    <subfield code="2">rdacarrier</subfield>
  </datafield>
  <datafield tag="362" ind1=" " ind2=" ">
    <subfield code="a">No. 11, 2025.</subfield>
  </datafield>
  <datafield tag="500" ind1=" " ind2=" ">
    <subfield code="a">Catalogaci&#xF3;n basada en n&#xFA;mero: No. 11, 2025.</subfield>
  </datafield>
  <datafield tag="520" ind1=" " ind2=" ">
    <subfield code="a">Durante el acto inaugural, el rector de la Universidad Nacional para la Defensa (UNADE), mayor general doctor Rafael V&#xE1;squez Esp&#xED;nola, ERD, ofreci&#xF3; las palabras de bienvenida, destacando que la instituci&#xF3;n, en cumplimiento de su misi&#xF3;n y alineada con sus lineamientos estrat&#xE9;gicos, organiza este simposio como una plataforma acad&#xE9;mica para reflexionar sobre los v&#xED;nculos entre la seguridad, el desarrollo y el comercio en un entorno global 
cada vez m&#xE1;s interconectado. En su intervenci&#xF3;n, el rector plante&#xF3; que la seguridad nacional debe entenderse como una noci&#xF3;n amplia e incluyente, que trasciende la defensa territorial e incorpora aspectos como la gobernanza democr&#xE1;tica, la estabilidad institucional y la protecci&#xF3;n de los intereses nacionales. Asimismo, subray&#xF3; que el comercio constituye un pilar fundamental del desarrollo econ&#xF3;mico, y que su articulaci&#xF3;n con la 
seguridad reviste un car&#xE1;cter estructural y estrat&#xE9;gico.</subfield>
  </datafield>
  <datafield tag="650" ind1=" " ind2="0">
    <subfield code="a">Informes t&#xE9;cnicos</subfield>
    <subfield code="v">Publicaciones peri&#xF3;dicas </subfield>
    <subfield code="z">Rep&#xFA;blica Dominicana</subfield>
    <subfield code="9">7867</subfield>
  </datafield>
  <datafield tag="942" ind1=" " ind2=" ">
    <subfield code="2">ddc</subfield>
    <subfield code="c">ISSUE</subfield>
  </datafield>
  <datafield tag="952" ind1=" " ind2=" ">
    <subfield code="0">0</subfield>
    <subfield code="1">0</subfield>
    <subfield code="2">ddc</subfield>
    <subfield code="4">0</subfield>
    <subfield code="5">6</subfield>
    <subfield code="7">0</subfield>
    <subfield code="8">SE</subfield>
    <subfield code="a">BNPHU</subfield>
    <subfield code="b">BNPHU</subfield>
    <subfield code="d">2026-02-05</subfield>
    <subfield code="h">No. 11, 2025</subfield>
    <subfield code="l">0</subfield>
    <subfield code="p">2026-0724</subfield>
    <subfield code="r">2026-02-05</subfield>
    <subfield code="t">e.1</subfield>
    <subfield code="w">2026-02-05</subfield>
    <subfield code="y">ISSUE</subfield>
  </datafield>
  <datafield tag="999" ind1=" " ind2=" ">
    <subfield code="c">60238</subfield>
    <subfield code="d">60238</subfield>
  </datafield>
</record>
